| 000 | 00917nam a22002897a 4500 | ||
|---|---|---|---|
| 001 | 00560 | ||
| 003 | DO-SdBPM | ||
| 005 | 20250807083324.0 | ||
| 007 | ta | ||
| 008 | 160621b1991 sp ||||| |||| 00| 0 spa d | ||
| 020 | _a847969047X | ||
| 040 |
_aDO-SdBPM _bspa _cBPMSU _erda |
||
| 082 | 4 |
_a891.73 _bC515m 1991 _222 |
|
| 100 | 1 |
_aChejóv, Antón _d1860-1904 _eautor |
|
| 245 | 1 | 3 |
_aEl monje negro / _cAntón Chejóv ; traducción Juan López-Morillas |
| 264 |
_aMadrid, España : _bAlianza, _c1991. |
||
| 300 |
_a95 páginas : _c19 cm. |
||
| 336 |
_atexto _btxt _2rdacontent |
||
| 337 |
_asin mediación _bn _2rdamedia |
||
| 338 |
_avolumen _bnc _2rdacarrier |
||
| 490 | 0 |
_aBiblioteca de el sol, _v54 |
|
| 590 | _aInventariado, 2025/VM | ||
| 650 | 7 |
_aNovela rusa _xHistoria y crítica _ySiglo XX |
|
| 700 | 1 |
_aLópez-Morillas, Juan _etraductor |
|
| 910 | _aVMateo V. Control de calidad. BPMSU | ||
| 942 |
_2ddc _cBK |
||
| 999 |
_c10466 _d10466 |
||